000 00863nam a22002657a 4500
005 20260310112640.0
008 250521b |||||||| |||| 00| 0 eng d
037 _cTB
040 _aLCT
_cLCT
041 _2eng
_aeng
_heng
084 _aX8(A):9:(Z) Q8
100 _aSrivastava, S C
_91131495
245 _aIndustrial Relations and Labour Laws/
250 _a6th ed.
260 _aNoida, Uttar Pradesh: Vikas Publishing House,
_bVikas Publishing House,
_c2018 (rp)
300 _ali, 739p.
650 _aLabour Law
_9809132
650 _aIndustrial Law
_9809133
650 _aBonus Act
_9809134
650 _a Labour codes and industrial jurisprudence
_9809183
650 _aLabour legislation
_9809184
650 _aTrade Union
_9809135
650 _aStrikes and Lockouts
_9780771
942 _2CC
_cTB
_hX8(A);9;(Z) Q8
_n0
999 _c1428932
_d1428932